00678nam a2200229 a 4500001001300000003000900013005001700022008004100039020001000080082001300090245007200103260004200175300000900217500003500226505001000261650001700271710002800288902000800316942000700324952010200331999001500433nice12345678IN_TiNIC20260116011544.0050524s1871 oxfa grs 000 0 03g  ac10000a220bOXF aAl-Kitabul Muqadasab Aiyyi Kutub-Ulahadil Qadeem Wal Ahadil Jadeed aOxfordbOxford University Pressc1871 a422p aincludes index and biblioraphy2 aIndex aBible-Arabic2 aOxford University Press bRHR cPS 001040708REFaHMIbHMIcREFd2007-06-14g100.00l0o220 OXFp419r2007-06-14w2026-01-16yARB c2592d2592